000 00846nam a22001935i 4500
001 160531
003 ES-MaACL
005 20250524063056.0
008 990723s1844 sp |||| | spa d
040 _aCCPB | B
_bspa
_cCCPB | B
100 1 _aNavarrete, Ramón de,
_d1818-1897
_985042
245 1 3 _aLa perla de Barcelona
_b: comedia en tres actos tomada de una ópera francesa /
_cpor Ramón de Navarrete.
260 _aMadrid :
_bS. D.,
_c1844 (
_fImprenta de Yenes)
300 _a52 p. ;
_c19 cm.
500 _aEn port.: Representada en el teatro del Príncipe el 15 de febrero de 1844.
852 _aES-MaACL
_jF-8621(2)
_z-- Enc. pasta española
_q-- Falto de la cub. original
_z-- Enc. en un vol. facticio formando parte de la col. facticia "Teatro español moderno", vol. 76
999 _c160531
_d160531